000
00413nam a2200145Ia 4500
008
100204s9999 xx 000 0 und d
082
_b
12639
100
_a
बांदोडकर व. पु.
245
_a
नि:पात
260
_b
"प्रिया प्रकाशन, मुंबई"
_c
1990
300
_a
174
630
_a
नि:पात
730
_a
नि:पात
942
_c
BOOK
999
_c
457071
_d
457068